LEADER 00982nam0-22003371i-450- 001 990007046490403321 005 20040512115633.0 035 $a000704649 035 $aFED01000704649 035 $a(Aleph)000704649FED01 035 $a000704649 100 $a20020214d1938----km-y0itay50------ba 101 0 $aita 102 $aIT 105 $ay---np--001yy 200 1 $aCodice della difesa sociale$h1.$iLegge contro l'antisocialità$frelazione e progetto di Filippo Gramatica 205 $aEdizione italiana con note 210 $aGenova$c[s.n.]$d1938 215 $av.$d24 cm 300 $aRelazione al Ministro di Giustizia della Repubblica di Cuba 327 0 $a1.: Relazione 676 $a345$v20$zita 700 1$aGramatica,$bFilippo$0224815 712 02$aCuba 801 0$aIT$bUNINA$gRICA$2UNIMARC 901 $aBK 912 $a990007046490403321 952 $aI Z 52$bs.i.$fFGBC 959 $aFGBC 996 $aCodice della difesa sociale$9707345 997 $aUNINA LEADER 01753nam 2200349 a 450 001 9910790458103321 005 20230407224744.0 010 $a1-4619-0356-4 035 $a(CKB)2670000000149431 035 $a(OCoLC)820826719 035 $a(CaPaEBR)ebrary10605365 035 $a(MiAaPQ)EBC3039635 035 $a(EXLCZ)992670000000149431 100 $a20150424d1998 uf 0 101 0 $aeng 181 $ctxt$2rdacontent 182 $cc$2rdamedia 183 $acr$2rdacarrier 200 14$aThe oceanic circle /$fElisabeth Mann Borgese 210 1$aTokyo :$cUnited Nations University Press,$d1998. 215 $a1 online resource (xvii, 240 pages) $cillustrations 311 0 $a92-808-1028-6 330 $a"This book's title is taken from Mohandas Gandhi's comparison of the social order to the ever-widening circles that result when a stone is dropped in the ocean. This human order encompasses the individual, the village, the nation, the region, and the global community. Just such an order is now emerging in the context of ocean governance, generated by the United Nations' 1982 Convention on the Law of the Sea and the subsequent conventions, agreements and programmes following the 1992 Rio Earth Summit. ... Such an order is needed to solve the most urgent problems of over-fishing and stock depletion; pollution from oceanic, atmospheric and land-based sources; climate and sea-level changes; and biodiversity conservation."--Publisher's description 606 $aOcean$xSocial aspects 615 0$aOcean$xSocial aspects. 676 $a333.91/64 700 $aBorgese$b Elisabeth Mann$0855910 801 2$bAzTeS 906 $aBOOK 912 $a9910790458103321 996 $aThe oceanic circle$93762223 997 $aUNINA